Ako sa brániť manipulácii

Dobrý manažér nemanipuluje svojimi podriadenými. Mohlo by sa to nepríjemne prejaviť na celkovej pohode na pracovisku. Potreba rospoznania, kedy ide o manipuláciu a kedy len o motiváciu.

Gespeichert in:
Bibliographische Detailangaben
1. Verfasser: Prodaj, Martin
Format: Buchkapitel
Sprache:Slowakisch
Schlagworte:
Tags: Tag hinzufügen
Keine Tags, Fügen Sie das erste Tag hinzu!

MARC

LEADER 00000naa$a2200000$$$4500
001 0093213
005 20230912093844.9
041 0 |a slo 
044 |a SK 
245 1 0 |a Ako sa brániť manipulácii  |c Martin Prodaj 
520 |a Dobrý manažér nemanipuluje svojimi podriadenými. Mohlo by sa to nepríjemne prejaviť na celkovej pohode na pracovisku. Potreba rospoznania, kedy ide o manipuláciu a kedy len o motiváciu. 
610 2 0 |a manažéri 
610 2 0 |a podriadení 
610 2 0 |a motivácia pracovná 
610 2 0 |a pracovisko 
100 1 |a Prodaj, Martin